AEW Revolution 2021 Card - Statistics

General Stats
  • This quiz has been taken 13 times
  • The average score is 18 of 30
Answer Stats
Answer % Correct
Jon Moxley
100%
Kenny Omega
100%
Britt Baker
92%
Cody Rhodes
92%
Darby Allin
92%
Matt Jackson
92%
MJF
92%
Nick Jackson
92%
Sting
92%
Chris Jericho
83%
Hikaru Shida
75%
Adam Page
67%
Brian Cage
67%
Miro
67%
Riho
67%
Thunder Rosa
67%
Pac
58%
Matt Hardy
50%
Orange Cassidy
50%
Penta El Zero Miedo
50%
Rey Fenix
50%
Scorpio Sky
50%
Chuck Taylor
42%
Ethan Page
42%
Kip Sabian
33%
Ricky Starks
33%
Lance Archer
25%
Maki Itoh
8%
Max Caster
8%
Ryo Mizunami
8%
No matching quizzes found
Score Distribution
Percent of People with Each Score
Percentile by Number Answered
Your Score History
You have not taken this quiz